Руководство по ремонту, эксплуатации и обслуживанию (Запись № 172699)

Подробности
000 -МАРКЕР
контрольное поле 02035nam0a2200397 4500
001 - ИДЕНТИФИКАТОР ЗАПИСИ
контрольное поле RU\NLR\bibl\338783
005 - ИДЕНТИФИКАТОР ВЕРСИИ
контрольное поле 20250621150806.0
010 ## - МЕЖДУНАРОДНЫЙ СТАНДАРТНЫЙ НОМЕР КНИГИ (ISBN)
Номер (ISBN) 5-94228-006-1
Тираж 20000
021 ## - НОМЕР ГОСУДАРСТВЕННОЙ РЕГИСТРАЦИИ
Код страны Российская Федерация
Номер 2002-42273
Номер Листа государственной регистраци 2055
035 ## - ДРУГИЕ СИСТЕМНЫЕ НОМЕРА
Идентификатор записи (NLR Aleph) 000333669
100 ## - ДАННЫЕ ОБЩЕЙ ОБРАБОТКИ
Данные общей обработки 20021110d2002 |||y0rusy50 ca
101 0# - ЯЗЫК РЕСУРСА
Язык текста, звукозаписи и т.д. русский
102 ## - СТРАНА ПУБЛИКАЦИИ ИЛИ ПРОИЗВОДСТВА
Страна публикации Российская Федерация
105 ## - ПОЛЕ КОДИРОВАННЫХ ДАННЫХ: ТЕКСТОВЫЕ МАТЕРИАЛЫ, МОНОГРАФИЧЕСКИЕ
Кодированные данные о монографическом текстовом документе a |||||||||
200 1# - ЗАГЛАВИЕ И СВЕДЕНИЯ ОБ ОТВЕТСТВЕННОСТИ
Основное заглавие Руководство по ремонту, эксплуатации и обслуживанию
Сведения, относящиеся к заглавию Автомобили ВАЗ-2108, ВАЗ-21081, ВАЗ-21083, ВАЗ-2109, ВАЗ-21091, ВАЗ-21093, ВАЗ-21099
210 ## - ПУБЛИКАЦИЯ, РАСПРОСТРАНЕНИЕ И ДР.
Место издания, распространения и т.д. М.
Имя издателя, распространителя и т. д. РусьАвтокнига
Дата издания, распространения и т.д. 2002
215 ## - ФИЗИЧЕСКАЯ ХАРАКТЕРИСТИКА
Специфическое обозначение материала и объем 367 с., [8] л. цв. ил.
Другие сведения о физической характеристике ил.
Размеры 28
Сопроводительный материал 1 л. цв. схем.
300 ## - ОБЩИЕ ПРИМЕЧАНИЯ
Текст примечания Загл. обл.: ВАЗ 2108-09
423 #0 - ИЗДАЕТСЯ В ОДНОЙ ОБЛОЖКЕ ВМЕСТЕ С ...
Встроенное поле 2001#$aКаталог запасных частей$eАвтомобили ВАЗ-2109, ВАЗ-21093, ВАЗ-21099 и модификации
-- 210##$aМ.$d2002
-- 215##$aС. 193-367$cил.
Заглавие Каталог запасных частей
512 1# - ЗАГЛАВИЕ ОБЛОЖКИ
Заглавие обложки ВАЗ 2108-09
606 0# - НАИМЕНОВАНИЕ ТЕМЫ КАК ПРЕДМЕТ
Наименование темы Автомобили ВАЗ "Спутник"
Формальный подзаголовок Руководства, пособия и т.п.
Тематический подзаголовок Эксплуатация
Системный номер авторитетной/нормативной записи 2079580
Идентификатор авторитетной/нормативной записи RU\NLR\auth\661255470
606 0# - НАИМЕНОВАНИЕ ТЕМЫ КАК ПРЕДМЕТ
Наименование темы "Спутник", легковые автомобили
Формальный подзаголовок Руководства, пособия и т.п.
Тематический подзаголовок Эксплуатация
Системный номер авторитетной/нормативной записи 2103326
Идентификатор авторитетной/нормативной записи RU\NLR\auth\661271828
606 0# - НАИМЕНОВАНИЕ ТЕМЫ КАК ПРЕДМЕТ
Наименование темы Автомобили ВАЗ "Спутник"
Формальный подзаголовок Каталоги
Тематический подзаголовок Запасные части
Системный номер авторитетной/нормативной записи 1047861
Идентификатор авторитетной/нормативной записи RU\NLR\auth\6686513
606 0# - НАИМЕНОВАНИЕ ТЕМЫ КАК ПРЕДМЕТ
Наименование темы "Спутник", легковые автомобили
Формальный подзаголовок Каталоги
Тематический подзаголовок Запасные части
Системный номер авторитетной/нормативной записи 2084107
Идентификатор авторитетной/нормативной записи RU\NLR\auth\661260187
675 ## - УНИВЕРСАЛЬНАЯ ДЕСЯТИЧНАЯ КЛАССИФИКАЦИЯ (UDC/УДК)
Индекс 629.33-08
Издание 3
Язык издания rus
686 ## - ИНДЕКСЫ ДРУГИХ КЛАССИФИКАЦИЙ
Индекс 55.43
Код системы
686 ## - ИНДЕКСЫ ДРУГИХ КЛАССИФИКАЦИЙ
Индекс 39.335.52-8
Код системы
686 ## - ИНДЕКСЫ ДРУГИХ КЛАССИФИКАЦИЙ
Индекс О335.52-08я7"Спутник"
801 #0 - ИСТОЧНИК ЗАПИСИ
Страна Российская Федерация
Организация RKP
Дата составления 20021110
Правила каталогизации PSBO
801 #1 - ИСТОЧНИК ЗАПИСИ
Страна Российская Федерация
Организация RKP
Дата составления 20021110
801 #2 - ИСТОЧНИК ЗАПИСИ
Страна Российская Федерация
Организация NLR
Дата составления 20021219
Правила каталогизации rcr
942 ## - ДОПОЛНИТЕЛЬНЫЕ ЭЛЕМЕНТЫ ЗАПИСИ (АБИС)
Тип экземпляра АБИС Книга
980 ## - КОЛЛЕКЦИЯ
Название коллекции Национальная библиография
Экземпляры
Тип экземпляра Дата поступления Источник поступления Библиотека постоянного хранения Библиотека текущего хранения Место хранения Шифр хранения Штрих-код Статус экземпляра
Книга 25.11.2002 Обязательный экземпляр РНБ (Московский) РНБ (Московский) Русский книжный фонд: издания с 1957 года 2002-8/3300 375334  
Книга 25.11.2002 Обязательный экземпляр РНБ (Московский) РНБ (Московский) Русский книжный фонд: издания с 1957 года 2002-8/3300 375335